載入...

Khadarinte pennungal

書目詳細資料
主要作者: Khadar, U A; Author
格式: Printed Book
出版: Kozhikode, Mathrubhumi Books 2005
主題:
LEADER 005620000a22001930004500
020 |a 81-8264-160-8 
040 |a MAL 
082 |a A301 KHA/KH P5 
100 |a Khadar, U A; Author 
245 |a Khadarinte pennungal 
250
260 |a Kozhikode, Mathrubhumi Books 
260 |c 2005 
460 |a 80p 
465 |a Rs.40.00 
500 |a U A Khadar 
650 |a Short stories, Malayalam 
999 |c 36548  |d 36548 
952 |0 0  |1 0  |4 0  |6 A_000000000000000_301_KHAKH_P5  |7 0  |8 MAL  |9 37003  |a MGUL  |b MGUL  |d 2013-07-16  |e Rs.40.00  |l 0  |o A301 KHA/KH P5  |p 36457  |r 2013-07-16  |w 2013-07-16  |y BK